书目信息 |
| 题名: |
毛泽东选集
|
|
| 作者: | 毛泽东 著 | |
| 分册: | ||
| 出版信息: | 北京 人民出版社 1968 |
|
| 页数: | 1406页 | |
| 开本: | 13cm | |
| 丛书名: | ||
| 单 册: | ||
| 中图分类: | A41 | |
| 科图分类: | ||
| 主题词: | 毛泽东著作--选集 | |
| 电子资源: | ||
| ISBN: | ||
| 000 | 00528nam0 2200193 45 | |
| 001 | 0181023609 | |
| 005 | 20060808095630.21 | |
| 010 | @dCNY3.00@b精装 | |
| 091 | @a1001.287 | |
| 100 | @a20810111d1968 km y0chiy0120 ea | |
| 101 | 0 | @achi |
| 200 | 1 | @AMao Ze Dong Xuan Ji@a毛泽东选集@f毛泽东著@FMao Ze Dong Zhu |
| 210 | @a北京@c人民出版社@d1968 | |
| 215 | @a1406页@d13cm | |
| 606 | 0 | @a毛泽东著作@x选集 |
| 690 | @aA41@v3 | |
| 701 | 0 | @a毛泽东@4著 |
| 801 | @aCN@bTSTC@c20060808 | |
| 905 | @dA41@e1@f2@b152315-316@b152313@f1@b152318@f1 | |
| 毛泽东选集/毛泽东著.-北京:人民出版社,1968 |
| 1406页;13cm |
| ISBN (精装):CNY3.00 |
| ● |
| 相关链接 |
|
|
|
|
正题名:毛泽东选集
索取号:A41/1
 
预约/预借
| 序号 | 登录号 | 条形码 | 馆藏地/架位号 | 状态 | 备注 |
| 1 | 0447284 | 204472846 | 密集书库/ [索取号:A41/1] | 在馆 |